| 000 | 00367nam a2200157Ia 4500 | ||
|---|---|---|---|
| 999 |
_c19 _d19 |
||
| 003 | OSt | ||
| 005 | 20190918202636.0 | ||
| 008 | 190722s9999 xx 000 0 und d | ||
| 020 | _a978-9332586932 | ||
| 040 | _cMAJU | ||
| 100 | _aWilliam Stallings | ||
| 245 | 0 | _aData and Computer Communications | |
| 260 |
_aNew Delhi _bPearson _c2014 |
||
| 300 | _a864 | ||
| 942 |
_cBK _2ddc |
||